Dancing with devtas (Record no. 508766)

MARC details
000 -LEADER
fixed length control field 00929nam a2200265Ia 4500
003 - CONTROL NUMBER IDENTIFIER
control field OSt
005 - DATE AND TIME OF LATEST TRANSACTION
control field 20220925184746.0
008 - FIXED-LENGTH DATA ELEMENTS--GENERAL INFORMATION
fixed length control field 220923b |||||||| |||| 00| 0 eng d
020 ## - INTERNATIONAL STANDARD BOOK NUMBER
International Standard Book Number 9780754656692
037 ## - SOURCE OF ACQUISITION
Terms of availability General Book
040 ## - CATALOGING SOURCE
Original cataloging agency RTL
Transcribing agency RTL
Language of cataloging eng
041 ## - LANGUAGE CODE
Source of code eng
Language code of text/sound track or separate title eng
100 ## - MAIN ENTRY--PERSONAL NAME
Personal name Alter Andrew
9 (RLIN) 231271
245 #0 - TITLE STATEMENT
Title Dancing with devtas
Remainder of title Drums, power and possession in the music of Garhwal, North India.
260 ## - PUBLICATION, DISTRIBUTION, ETC.
Place of publication, distribution, etc. Aldershot
Name of publisher, distributor, etc. Ashgate
Date of publication, distribution, etc. 2008
300 ## - PHYSICAL DESCRIPTION
Extent xxiii, 277p
Dimensions cm.
490 ## - SERIES STATEMENT
Series statement SOAS Musicology Series
500 ## - GENERAL NOTE
General note Bibliography: P 241-57; Appendix: P 227-33
650 ## - SUBJECT ADDED ENTRY--TOPICAL TERM
Topical term or geographic name entry element Sociology
942 ## - ADDED ENTRY ELEMENTS (KOHA)
Classification part Y73(Q2): (NR, 41).29S, P8
Koha item type General Books
Source of classification or shelving scheme Colon Classification (CC)

No items available.

Copyright @ Delhi University Library System